Statistics for Click a Valid Country #4

Click here to take the quiz!

General Stats

  • This quiz has been taken 48 times
  • The average score is 31 of 36

Answer Stats

QuestionTileSelect% Correct
That Have Fewer Than 10 Million PeopleGermanyNo
100%
That Have Fewer Than 10 Million PeopleBangladeshNo
98%
That Have Fewer Than 10 Million PeopleBhutanYes
98%
That Have Fewer Than 10 Million PeopleKenyaNo
98%
That Have Fewer Than 10 Million PeopleNauruYes
98%
That Are Among the Top 100 Most Populous CountriesNauruNo
96%
That Are Among the Top 100 Most Populous CountriesBhutanNo
94%
Where English is an Official LanguageNew ZealandYes
94%
Where English is an Official LanguagePeruNo
94%
That Have Fewer Than 10 Million PeoplePeruNo
94%
That Are Among the Top 100 Most Populous CountriesBangladeshYes
91%
That Are Either Landlocked Nations or Island NationsNauruYes
91%
That Are Either Landlocked Nations or Island NationsNorwayNo
91%
That Are Either Landlocked Nations or Island NationsPeruNo
91%
That Have Fewer Than 10 Million PeopleSomaliaNo
91%
Where English is an Official LanguageSomaliaNo
91%
Where English is an Official LanguageBhutanNo
89%
Where English is an Official LanguageGermanyNo
89%
That Are Either Landlocked Nations or Island NationsSomaliaNo
89%
Where English is an Official LanguageNorwayNo
87%
That Are Either Landlocked Nations or Island NationsBangladeshNo
85%
That Are Either Landlocked Nations or Island NationsBhutanYes
85%
That Are Either Landlocked Nations or Island NationsGermanyNo
85%
That Are Either Landlocked Nations or Island NationsNew ZealandYes
85%
That Are Among the Top 100 Most Populous CountriesGermanyYes
81%
That Are Either Landlocked Nations or Island NationsKenyaNo
81%
That Are Among the Top 100 Most Populous CountriesNew ZealandNo
81%
That Are Among the Top 100 Most Populous CountriesNorwayNo
81%
Where English is an Official LanguageBangladeshNo
74%
Where English is an Official LanguageNauruYes
74%
That Are Among the Top 100 Most Populous CountriesKenyaYes
72%
Where English is an Official LanguageKenyaYes
70%
That Have Fewer Than 10 Million PeopleNew ZealandYes
66%
That Are Among the Top 100 Most Populous CountriesSomaliaYes
66%
That Have Fewer Than 10 Million PeopleNorwayYes
62%
That Are Among the Top 100 Most Populous CountriesPeruYes
55%

Score Distribution

Percentile by Number Answered

Percent of People with Each Score

Your Score History

You have not taken this quiz